International Capital Markets (Record no. 118)

MARC details
000 -LEADER
fixed length control field 00677nam a22002177i 4500
001 - CONTROL NUMBER
control field 119
003 - CONTROL NUMBER IDENTIFIER
control field OSt
005 - DATE AND TIME OF LATEST TRANSACTION
control field 20170825133349.0
007 - PHYSICAL DESCRIPTION FIXED FIELD--GENERAL INFORMATION
fixed length control field tu
008 - FIXED-LENGTH DATA ELEMENTS--GENERAL INFORMATION
fixed length control field 161220s1991 xxu|||||||||||00||0|eng|d
024 7# - OTHER STANDARD IDENTIFIER
Standard number or code 118
Source of number or code RID
040 ## - CATALOGING SOURCE
Transcribing agency OSt
084 ## - OTHER CLASSIFICATION NUMBER
Classification number 11.331
-- 11.350
Number source z
245 00 - TITLE STATEMENT
Title International Capital Markets
Remainder of title Developments and Prospects
260 ## - PUBLICATION, DISTRIBUTION, ETC.
Place of publication, distribution, etc. Washington,
Date of publication, distribution, etc. 1991.
300 ## - PHYSICAL DESCRIPTION
Extent 136 S. ;
Dimensions 30cm.
490 ## - SERIES STATEMENT
Series statement World Economic and Financial Surveys
710 2# - ADDED ENTRY--CORPORATE NAME
Corporate name or jurisdiction name as entry element International Monetary Fund (IMF)
Relator term Ed.
942 ## - ADDED ENTRY ELEMENTS (KOHA)
Koha item type Book
Holdings
Withdrawn status Lost status Damaged status Not for loan Home library Current library Shelving location Date acquired Inventory number Total Checkouts Full call number Barcode Date last seen Price effective from Koha item type
        WIIW WIIW Souterrain 04/07/1992 119   II-4.870/1991-May 300117 01/26/2017 01/26/2017 Book
The Vienna Instiute for International Economic Studies (wiiw)